| 000 | 00693nam a22002297a 4500 | ||
|---|---|---|---|
| 003 | UA-OsUOA | ||
| 001 | 69849 | ||
| 007 | ta | ||
| 008 | 20100707b un ||||| |||| 00| 0 ukr d | ||
| 100 | _aСюкияйнен Л. Р. | ||
| 090 |
_a340 _bС98 |
||
| 942 | _cBR | ||
| 040 |
_aUA-OsUOA _brus _cUA-OsUOA _dUA-OsUOA |
||
| 245 |
_aШариат и мусульманско-правовая культура _cТопорнин Б. Н. |
||
| 300 | _a48 с. | ||
| 955 | _a2 | ||
| 041 | _arus | ||
| 080 | _a340 | ||
| 260 |
_aМ. _c1997 |
||
| 650 | 7 |
_a340 Право в цілому. Пропедевтика. Методи та допоміжні правничі науки _2UDC |
|
| 999 |
_c356046 _d356046 |
||